Detekcia pohybu vo videu

Uložené v:
Podrobná bibliografia
Hlavný autor: Hirňaková, Alexandra (Autor)
Ďalší autori: Venjarski, Jaroslav (Vedúci práce)
Médium: Rukopis Kniha
Jazyk:Slovak
Vydavateľské údaje: Bratislava : STU v Bratislave FEI, 2024
Predmet:
On-line prístup:https://opac.crzp.sk/?fn=detailBiblioFormChildGLOCS&sid=DDCD2C6FBCAD481F214BC0B200E4&seo=CRZP-detail-kniha
Tagy: Pridať tag
Žiadne tagy, Buďte prvý, kto otaguje tento záznam!

MARC

LEADER 00000ntm a22000003a 4500
001 stuzp96602
003 SK-STU
005 20250403132516.2
007 ta
008 150427s2015----xo-----f-mn---000-0-slo-d
040 |a STU  |b slo 
041 0 |a slo 
044 |a xo 
100 1 |a Hirňaková, Alexandra  |u 035000  |4 aut  |U FEI Fakulta elektrotechniky a informatiky  |T FEI Ústav informatiky a matematiky  |X 115062  |U E050  |Y 816  |7 115062 
242 0 1 |a Motion Detection in Videos  |y eng 
245 1 0 |a Detekcia pohybu vo videu 
260 |a Bratislava :  |b STU v Bratislave FEI,  |c 2024 
300 |a 40 s. 
650 4 |a predikcia pohybu  |2 slo 
650 4 |a odčítanie pozadia  |2 slo 
650 4 |a Kalmanov filter  |2 slo 
650 4 |a detekcia pohybu  |2 slo 
650 4 |a motion detection  |2 eng 
650 4 |a motion prediction  |2 eng 
650 4 |a Kalman filter  |2 eng 
650 4 |a background subtraction  |2 eng 
700 1 |a Venjarski, Jaroslav  |u 037000  |k Z3  |4 ths  |U FEI Fakulta elektrotechniky a informatiky  |T FEI Ústav multimediálnych informačných a komunikačných technológií  |X 86314  |U E070  |Y 818  |7 86314 
856 4 |u https://opac.crzp.sk/?fn=detailBiblioFormChildGLOCS&sid=DDCD2C6FBCAD481F214BC0B200E4&seo=CRZP-detail-kniha